Formy financovania malých a stredných podnikov v podmienkach SR bakalárska práca

Guardado en:
Detalles Bibliográficos
Autor principal: Holekšiová, Ivana
Autor Corporativo: Fakulta podnikového manažmentu EU. Katedra podnikovohospodárska
Otros Autores: Šebej, Vladimír
Formato: Libro
Lenguaje:eslovaco
Publicado: Bratislava 2012
Etiquetas: Agregar Etiqueta
Sin Etiquetas, Sea el primero en etiquetar este registro!

MARC

LEADER 00000nbm a2200000 4500
001 0153999
005 20161109111816.4
041 0 |a slo 
044 |a SK 
245 1 0 |a Formy financovania malých a stredných podnikov v podmienkach SR  |b bakalárska práca  |c Ivana Holekšiová ; školiteľ: Vladimír Šebej 
264 1 |a Bratislava  |c 2012 
100 1 |a Holekšiová, Ivana 
700 1 |a Šebej, Vladimír 
710 2 |a Fakulta podnikového manažmentu EU. Katedra podnikovohospodárska